World River Plastic Pollution - Statistics

General Stats
  • This quiz has been taken 21 times
  • The average score is 11 of 20
Answer Stats
River Tons of plastic garbage Answer % Correct
Yangtze 333,000 China
100%
Amazon 38,900 Brazil
95%
Xi 73,900 China
95%
Huangpu 40,800 China
90%
Ganges 115,000 India
90%
Zhujiang 13,600 China
81%
Hanjiang 12,900 China
81%
Mekong 22,800 Thailand
81%
Dong 19,100 China
67%
Serayu 17,100 Indonesia
52%
Irrawaddy 35,300 Myanmar
48%
Kwa Ibo 11,900 Nigeria
43%
Magdalena 16,700 Colombia
33%
Brantas 38,900 Indonesia
29%
Solo 32,500 Indonesia
29%
Cross 40,300 Nigeria
24%
Pasig 38,800 Philippines
24%
Progo 12,800 Indonesia
19%
Imo 21,500 Nigeria
19%
Tamsui 14,700 Taiwan
19%
No matching quizzes found
Score Distribution
Percent of People with Each Score
Percentile by Number Answered
Your Score History
You have not taken this quiz